Normal view MARC view

Entry Personal Name

Number of records used in: 1

001 - CONTROL NUMBER

  • control field: 1237730

003 - CONTROL NUMBER IDENTIFIER

  • control field: OSt

005 - DATE AND TIME OF LATEST TRANSACTION

  • control field: 20260430150520.0

008 - FIXED-LENGTH DATA ELEMENTS

  • fixed length control field: 260430|| aca||aabn | a|a d

040 ## - CATALOGING SOURCE

  • Original cataloging agency: OSt
  • Transcribing agency: OSt

100 ## - HEADING--PERSONAL NAME

  • Personal name: Sunita Kumari Au.; Shah Ali Akbar Gu

670 ## - SOURCE DATA FOUND

  • Source citation: Work cat.: (OSt)1849969: Sunita Kumari Au.; Shah Ali Akbar Gu., Seham Rajputana dar tarveej zuban-o-adbiyat Farsi az qaran 17 aali 19 m (Contribution of Rajputana in promotion of Persian language adn Literature from 17th to 19th century), 2023
Copyright @ Delhi University Library System